1767 1401 1693 1699 1523 1804 1230 1540 1651 1699 1947 1946 1837 1882 1564 1216 1345 1230 1983 1324 1300 1366 1859 1454 1447 1616 1453 1968 1811 1018 1803 1704 1853 1186 1864 1341 1640 1695 1614 1007 1301 1455 1185 1044 1272 1370 1299 1223 1008 1988 1921 1036 1036 1058 1880 1713 1691 1937 1591 1872 1044 1938 1316 1496 1570 1196 1813 1051 1964 1501 1177 1025 1381 1744 1942 1835 1858 1330 1933 1497 1310 1995 1927 1974 1156 1734 1688 1201 1720 1040 1560 1649 1648 1590 1806 1083 1782 1239 1123 BCNSPRNW ULIB Ver.6.0+V

เปลี่ยนเป็นภาษาไทย

Change to English
 แสดงรายละเอียดบรรณานุกรม
  กลับหน้าหลัก

Brief Record : Get Marc (ISO 2709) : E-mail record : QR code < ปิดหน้าต่าง
LEADER : 00000nam 2200000uu 4500
001    13399114980
003     ULIB
008    120626s2552||||th 000 0 tha d
020    ^a9789745764002
090    ^aนว.^bส174น
098    ^aนว.^bส174น
100 0  ^aสเตเฟนี่ เมเยอร์
245 00 ^aนวจันทรา (New Moon)/^cสเตเฟนี่ เมเยอร์
250    ^aพิมพ์ครั้งที่ 8
260    ^aกรุงเทพฯ :^bปราชญ์เปรียว,^c2552
300    ^a509 หน้า
710 1  ^aปราชญ์เปรียว
945    ^p335^l0^i16311
995    ^aกัณชพร
999    ^aใช้งานได้ทุกระบบ
รายการนี้ยังไม่มีแท็ก
คุณยังไม่ได้ล็อกอิน คุณสามารถมีกิจกรรมร่วมกับเว็บไซต์ได้ แต่ต้องล็อกอินก่อน ::
  ล็อกอิน

รายการสื่อสารสนเทศ

ลำดับที่ ประเภท เลขเรียก/บาร์โค้ด สถานที่ สถานะ
1. วิทยาศาสตร์การแพทย์ และสุขภาพ
วิทยาศาสตร์การแพทย์ และสุขภาพ
นว. ส174น  
  Barcode: 16311
ห้องสมุดวิทยาเขตสวรรค์ประชารักษ์
►นวนิยาย
บนชั้น
  ขอยืม

รายการใกล้เคียง
    ผู้แต่ง [สเตเฟนี่ เมเยอร์]

BibComment


ยังไม่เคยถูกคอมเมนท์

คอมเมนท์ทรัพยากรรายการนี้
  คอมเมนท์: นวจันทรา New Moo..


 Copyright 2026. Bcnsprnw @Library